<?xml version="1.0" encoding="UTF-8"?>
<record
    xmlns:xsi="http://www.w3.org/2001/XMLSchema-instance"
    xsi:schemaLocation="http://www.loc.gov/MARC21/slim http://www.loc.gov/standards/marcxml/schema/MARC21slim.xsd"
    xmlns="http://www.loc.gov/MARC21/slim">

  <leader>00403nam a22001697a 4500</leader>
  <controlfield tag="005">20260318135623.0</controlfield>
  <controlfield tag="008">160520b        xxu||||| |||| 00| 0 eng d</controlfield>
  <datafield tag="020" ind1=" " ind2=" ">
    <subfield code="a">978-81-317-3448-3</subfield>
  </datafield>
  <datafield tag="041" ind1=" " ind2=" ">
    <subfield code="a">eng</subfield>
  </datafield>
  <datafield tag="082" ind1=" " ind2=" ">
    <subfield code="b">3382</subfield>
  </datafield>
  <datafield tag="100" ind1=" " ind2=" ">
    <subfield code="a">Floyed T.L.</subfield>
    <subfield code="9">847</subfield>
  </datafield>
  <datafield tag="245" ind1=" " ind2=" ">
    <subfield code="a">Digital  Fundamental</subfield>
  </datafield>
  <datafield tag="260" ind1=" " ind2=" ">
    <subfield code="a">Delhi</subfield>
    <subfield code="b">Pearson Education, </subfield>
  </datafield>
  <datafield tag="300" ind1=" " ind2=" ">
    <subfield code="a">659</subfield>
  </datafield>
  <datafield tag="650" ind1=" " ind2=" ">
    <subfield code="a">DIPLOMA ENGINEERING</subfield>
    <subfield code="9">817</subfield>
  </datafield>
  <datafield tag="942" ind1=" " ind2=" ">
    <subfield code="c">BK</subfield>
  </datafield>
  <datafield tag="999" ind1=" " ind2=" ">
    <subfield code="c">1162</subfield>
    <subfield code="d">1162</subfield>
  </datafield>
  <datafield tag="952" ind1=" " ind2=" ">
    <subfield code="0">0</subfield>
    <subfield code="1">0</subfield>
    <subfield code="4">0</subfield>
    <subfield code="7">0</subfield>
    <subfield code="a">JRU</subfield>
    <subfield code="b">MAIN</subfield>
    <subfield code="c">SHELF-37-N</subfield>
    <subfield code="d">2016-05-20</subfield>
    <subfield code="g">475.00</subfield>
    <subfield code="l">5</subfield>
    <subfield code="m">1</subfield>
    <subfield code="o">3382</subfield>
    <subfield code="p">3382</subfield>
    <subfield code="r">2026-04-14 12:45:08</subfield>
    <subfield code="s">2026-04-13</subfield>
    <subfield code="w">2016-05-20</subfield>
    <subfield code="y">BK</subfield>
  </datafield>
  <datafield tag="952" ind1=" " ind2=" ">
    <subfield code="0">0</subfield>
    <subfield code="1">0</subfield>
    <subfield code="4">0</subfield>
    <subfield code="7">0</subfield>
    <subfield code="8">REF</subfield>
    <subfield code="a">JRU</subfield>
    <subfield code="b">MAIN</subfield>
    <subfield code="c">SHELF -72 - I</subfield>
    <subfield code="d">2016-05-20</subfield>
    <subfield code="g">475.00</subfield>
    <subfield code="l">1</subfield>
    <subfield code="o">3382</subfield>
    <subfield code="p">3383</subfield>
    <subfield code="r">2019-07-31 00:00:00</subfield>
    <subfield code="s">2019-05-08</subfield>
    <subfield code="w">2016-05-20</subfield>
    <subfield code="y">BK</subfield>
  </datafield>
  <datafield tag="952" ind1=" " ind2=" ">
    <subfield code="0">0</subfield>
    <subfield code="1">0</subfield>
    <subfield code="4">0</subfield>
    <subfield code="7">0</subfield>
    <subfield code="a">JRU</subfield>
    <subfield code="b">MAIN</subfield>
    <subfield code="c">SHELF-37-N</subfield>
    <subfield code="d">2016-05-20</subfield>
    <subfield code="g">475.00</subfield>
    <subfield code="l">3</subfield>
    <subfield code="o">3382</subfield>
    <subfield code="p">3384</subfield>
    <subfield code="r">2026-03-26 08:23:40</subfield>
    <subfield code="s">2026-03-24</subfield>
    <subfield code="w">2016-05-20</subfield>
    <subfield code="y">BK</subfield>
  </datafield>
</record>
